| 000 | 00967nam a22002897a 4500 | ||
|---|---|---|---|
| 001 | BR8304230 | ||
| 003 | BR-BrBNA | ||
| 005 | 20230928091720.0 | ||
| 007 | ta | ||
| 008 | 230509b bl.||||| |||| 00| 0 por d | ||
| 040 |
_aBR-BrBNA _bpor _cBiblioteca Nacional de Agricultura |
||
| 041 | _a(Por) | ||
| 072 |
_aQ10; S10 _b0175 _b9220 |
||
| 090 | _ 0175 BR8304230 | ||
| 100 | 1 | _aMaradini Filho, A.M. | |
| 110 | 1 |
_aUniversidade Federal de Vicosa, MG (Brasil) _0Tese (Magister Scientiae) |
|
| 245 | 1 | _aInfluencia das condicoes de secagem e do uso de triticale na qualidade do macarrao | |
| 260 | 3 |
_aVicosa, MG (Brasil): _c1983. |
|
| 300 | _a104 p. | ||
| 500 | _a9 illus.; 23 tables; Bibliography p. 73-77; Summary (Por). (*) Documento disponível na(o) Universidade Federal de Vicosa, MG (Brazil) | ||
| 650 | _aMACARRAO | ||
| 650 | _aTRITICALE | ||
| 650 | _aSECAGEM | ||
| 650 | _aINDUSTRIA ALIMENTICIA | ||
| 909 |
_a202309 _bLucia _c55 _dLucia Elande |
||
| 942 | _cBK | ||
| 999 |
_c35152 _d35152 |
||